Statistics for Mystery Novel Puzzle

Click here to take the quiz!

General Stats

  • This quiz has been taken 96 times
  • The average score is 8 of 13

Answer Stats

QuestionAnswer% Correct
What was the name of the fairy in Peter Pan?Tinkerbell
97%
How many syllables are there in a haiku?Seventeen
85%
Which novel's last line is "He loved Big Brother"?1984
82%
Mario Puzo wrote which famous novel?The Godfather
75%
What is the last word of the New Testament (KJ version)?Amen
61%
Which detective solved the murder of Roger Ackroyd?Hercule Poirot
59%
Which writer established the three laws of robotics?Isaac Asimov
59%
Who wrote a collection of poetry called Leaves of Grass?Walt Whitman
54%
Humbert Humbert is a character in which novel?Lolita
51%
Complete the Chekhov play: The Three _______Sisters
46%
Which 6th century character becomes King of the Geats?Beowulf
42%
Which Shakespeare play is subtitled "What you Will?"Twelfth Night
37%
Scrambled NovelOne Hundred Years of Solitude
17%

Score Distribution

Percentile by Number Answered

Percent of People with Each Score

Your Score History

You have not taken this quiz